000 01582cam a22001934a 4500
005 20250605164142.0
008 250528s ||||||||||||||||||||||||d
035 _a19024
040 _aGR-AtMCL
_bgre
_dGR-AtMCL
_eAACR2
245 1 _aΕπίτομο Εμπορικό Δίκαιο / Γενικό Εμπορικό Δίκαιο, Δίκαιο Βιομηχανικής Ιδιοκτησίας, Εταιρικό Δίκαιο, Δίκαιο Αξιογράφων, Πτωχευτικό Δίκαιο, Ναυτικό Δίκαιο, Ασφαλιστικό Δίκαιο
250 _a
260 _c1994
300 _a336
520 _aΕμπόριο, Εμπορικές Πράξεις, Εμπορικές Πράξεις κατά το Αντικειμενικό Σύστημα, Έμπορος, Εμπορικά Βιβλία, Προσωπίκη Κράτηση, Εμπορική Επωνυμία, Σήμα, Ευρεσιτεχνία, Δίκαιο Ανταγωνισμού, Εταιρικό Δίκαιο, Προσωπικές Εταιρίες, Κεφαλαιουχικές Εταιρίες, Εταιρίες Περιορισμένης Ευθύνης, Ανώνυμη Εταιρία, Συνεταιρισμός, Κοινοπραξία, Δίκαιο Αξιογράφων, Συναλλαγματική, Γραμματιο εις Διαταγή, Τραπεζική Επιταγή, Πτωχευτικό Δίκαιο, Ναυτικό Δίκαιο, Ασφαλιστικό Δίκαιο.
700 1 _aΒελέντζας Ιωάννης Ε
_94311
942 _cBK
999 _c4312
_d4312